Panda kindergarten / (Record no. 4934)

MARC details
000 -LEADER
fixed length control field 01202nam a22002657a 4500
001 - CONTROL NUMBER
control field 4934
003 - CONTROL NUMBER IDENTIFIER
control field FISKH
005 - DATE AND TIME OF LATEST TRANSACTION
control field 20241025121453.0
008 - FIXED-LENGTH DATA ELEMENTS--GENERAL INFORMATION
fixed length control field 241025b cb ||||| |||| 00| 0 eng d
020 ## - INTERNATIONAL STANDARD BOOK NUMBER
International Standard Book Number 9780545299749
040 ## - CATALOGING SOURCE
Original cataloging agency FISKH
Language of cataloging eng
Transcribing agency FISKH
Modifying agency FISKH
050 ## - LIBRARY OF CONGRESS CALL NUMBER
Classification number QL737.C214
082 ## - DEWEY DECIMAL CLASSIFICATION NUMBER
Classification number 599.789
100 ## - MAIN ENTRY--PERSONAL NAME
Personal name Ryder, Joanne
Dates associated with a name (1946-)
245 ## - TITLE STATEMENT
Title Panda kindergarten /
Statement of responsibility, etc. By Joanne Ryder Photographs by Dr. Katherine Feng
250 ## - EDITION STATEMENT
Edition statement First printing in 2010
260 ## - PUBLICATION, DISTRIBUTION, ETC.
Place of publication, distribution, etc. New York :
Name of publisher, distributor, etc. Scholastic,
Date of publication, distribution, etc. 2010.
300 ## - PHYSICAL DESCRIPTION
Extent 30 pages ;
Other physical details Color illustrations ;
Dimensions 23 cm
520 ## - SUMMARY, ETC.
Summary, etc. School is in session! But this is no ordinary kindergarten class. Meet sixteen young giant panda cubs at the China Conservation and Research Center for the Giant Panda at the Wolong Nature Preserve. The cubs are raised together from infancy in a protected setting, where they grow strong. Under the watchful eyes of the scientists and workers, the cubs learn skills that will help prepare them to be released into the wild.
650 ## - SUBJECT ADDED ENTRY--TOPICAL TERM
Source of heading or term Kindergarten
Topical term or geographic name entry element Pandas
Form subdivision Picture book
650 ## - SUBJECT ADDED ENTRY--TOPICAL TERM
Source of heading or term Non-fiction
Topical term or geographic name entry element Conservation
Form subdivision Animals
700 ## - ADDED ENTRY--PERSONAL NAME
Personal name Dr. Feng, Katherine
Dates associated with a name Illustrator
942 ## - ADDED ENTRY ELEMENTS (KOHA)
Source of classification or shelving scheme Dewey Decimal Classification
Koha item type Books
Suppress in OPAC No
Holdings
Withdrawn status Lost status Source of classification or shelving scheme Damaged status Not for loan Collection Home library Current library Shelving location Date acquired Total Checkouts Full call number Barcode Date last seen Copy number Price effective from Koha item type
    Dewey Decimal Classification     Non-Fiction Footprints International School Library Network Toul Kork Campus Footprints International School Library Network Toul Kork Campus A TK Campus, 4th Floor, Room B401, Non-Fiction Bookcases(7-8) 10/25/2024   RYD 599.789 QL737.C214 2024-2230 10/25/2024 1 10/25/2024 Books